[Event "St Jean op"]
[Site "St Jean sur Richelieu"]
[Date "1994.11.05"]
[Round "1"]
[White "Tremblay, Serge"]
[Black "Hebert, Jean"]
[Result "0-1"]
[WhiteElo "1888"]
[BlackElo "2474"]
[PlyCount "40"]
[EventDate "1994.11.05"]
[EventType "swiss"]
[EventRounds "4"]
[EventCountry "CAN"]
[SourceTitle "EXT 2022"]
[Source "ChessBase"]
[SourceDate "2021.10.06"]
[SourceVersion "1"]
[SourceVersionDate "2021.10.06"]
[SourceQuality "1"]

1. c4 Nf6 2. Nf3 e6 3. Nc3 Bb4 4. Qc2 c5 5. e4 Nc6 6. a3 Ba5 7. e5 Ng4 8. Qe4 f5 9. exf6 Nxf6 10. Qe3 0-0 11. h3 d5 12. Qxc5 d4 13. Nd1 e5 14. b4 Bc7 15. d3 a5 16. Rb1 axb4 17. axb4 Re8 18. Nd2 e4 19. dxe4 Nxe4 20. Nxe4 Rxe4+ 0-1

[Event "Montreal op de"]
[Site "Montreal"]
[Date "1993.05.22"]
[Round "3"]
[White "Tremblay, Serge"]
[Black "Morin, Louis"]
[Result "1-0"]
[WhiteElo "1828"]
[BlackElo "1991"]
[PlyCount "69"]
[EventDate "1993.05.21"]
[EventType "swiss"]
[EventRounds "5"]
[EventCountry "CAN"]
[SourceTitle "EXT 2022"]
[Source "ChessBase"]
[SourceDate "2021.10.06"]
[SourceVersion "1"]
[SourceVersionDate "2021.10.06"]
[SourceQuality "1"]

1. c4 e6 2. Nf3 d5 3. d4 c5 4. cxd5 exd5 5. g3 Nc6 6. Bg2 Nf6 7. 0-0 Be7 8. Nc3 0-0 9. Bg5 Be6 10. h3 Ne4 11. Be3 Nxc3 12. bxc3 c4 13. a4 Na5 14. Nd2 Qd7 15. Kh2 a6 16. f3 b5 17. axb5 axb5 18. Bf2 Nc6 19. e4 Ba3 20. Rb1 Rfb8 21. Re1 b4 22. Nxc4 dxc4 23. d5 b3 24. f4 Na5 25. dxe6 Qxe6 26. f5 Qe8 27. e5 Rd8 28. Qg4 Rac8 29. Bb6 Qa4 30. f6 g6 31. Bxd8 Rxd8 32. e6 Qe8 33. e7 Rd6 34. Qg5 Nc6 35. Rbd1 1-0